[Event "Nova Gorica op 04th"]
[Site "Nova Gorica"]
[Date "1999.01.30"]
[Round "3"]
[White "Tratar, Marko"]
[Black "Atalik, Suat"]
[Result "1/2-1/2"]
[WhiteElo "2450"]
[BlackElo "2593"]
[Annotator "Atalik,S"]
[PlyCount "116"]
[EventDate "1999.01.28"]
[EventType "swiss"]
[EventRounds "9"]
[EventCountry "SLO"]
[SourceTitle "EXT 2002"]
[Source "ChessBase"]
[SourceDate "2001.11.25"]
[SourceVersion "1"]
[SourceVersionDate "2001.11.25"]
[SourceQuality "1"]

1. Nf3 Nf6 2. c4 e6 3. g3 d5 4. d4 Be7 5. Bg2 O-O 6. O-O c6 7. Qc2 Nbd7 8. b3
b6 9. Rd1 {this is an interesting position.There are two approaches now people
either plays Bb7 and then when white puts Nc3 they go like ba6 beleving that
the N is misplaced there,or like I did in this game there are players who
first play Ba6 forcing Nbd2 then going for Bb7.} Ba6 10. a4 $5 (10. Bb2 Rc8 11.
Nbd2 c5 12. e4 Bb7 13. exd5 exd5 14. Qf5 g6 15. Qh3 h5 16. Ne5 Rc7 $1 17. cxd5
(17. dxc5 Bc8 $3) 17... Nxe5 18. d6 (18. dxe5 Nxd5 19. Be4 Bc8 $1 20. Qg2 Be6
21. Nc4 Rd7) 18... Nd3 $1 19. dxc7 Qxc7 20. Bxb7 Nxb2 21. Rdb1 Qxb7 22. Rxb2
cxd4 23. Qg2 Qxg2+ 24. Kxg2 d3 $44) 10... Rc8 (10... c5 {It is interesting to
find out why nobody has tried this move.} 11. Nc3 dxc4 (11... Rc8 $6 12. Nb5
dxc4 13. bxc4 cxd4 14. Nfxd4 $16) 12. bxc4 Bxc4 13. dxc5 Bxc5 14. Ne5 Bd5 (
14... Nxe5 15. Rxd8 Raxd8 16. Ba3 $1 $14) 15. Nxd7 Nxd7 16. Nxd5 exd5 17. Bxd5
Rc8 18. Qf5 Qf6 $14) 11. a5 c5 12. axb6 Qxb6 13. Qa2 Bb7 $1 {This simple move
looks like giving black some advantage.} 14. Ba3 (14. Qxa7 $5 dxc4 (14... Qxb3
$2 15. Rd3 Qb6 (15... Qxc4 $2 16. Nbd2) 16. Qxb6 Nxb6 17. Rb3 Nfd7 (17... Bd8
18. dxc5 Rxc5 19. Ba3 (19. Be3 $5) 19... Ra5 20. c5 $18) 18. Ra7 Rb8 19. Ne5 (
19. Bf4 dxc4 20. Rb5 Bxf3 21. Bxf3 cxd4 (21... Rbc8 22. Bb7) 22. Bxb8 Rxb8 23.
Bc6 c3 24. Bxd7 (24. Be4) 24... c2 25. Rc7 cxb1=Q+ 26. Rxb1 Bd8 27. Rc5 $1 $16)
19... dxc4 (19... Nxe5 20. Rxb6 Bc6 21. Rxb8 Rxb8 22. Nd2 Ng6 23. Ba3 Rc8) 20.
Nxd7 cxb3 21. Nxb8 Bxg2 22. Kxg2 Rxb8 23. Rxe7 Nd5 24. Rd7 c4 25. Bb2) 15. bxc4
cxd4 $11) 14... Rfe8 $146 (14... Ne4 15. e3 $1 (15. Ne5 Nxe5 16. dxe5 Rfd8 17.
f3 $2 (17. Qc2 Bg5 $5) 17... dxc4 18. Rxd8+ Rxd8 19. fxe4 Rd1+ 20. Kf2 (20. Bf1
cxb3 21. Qb2 c4+) 20... cxb3 21. Qb2 c4+ 22. e3 Bg5 23. Qe2 c3 $1 $19) 15...
Bf6 16. Bb2 dxc4 17. bxc4 Rb8 18. Nc3 (18. Nbd2 Nxf2 $1) 18... Ba8 (18... Nxf2
$2 19. Na4) 19. Nxe4 Bxe4 20. Bc3 $14 {Chiburdanidze(2505)-Vaganian(2645) Biel
1994}) 15. Nbd2 cxd4 16. Bxe7 Rxe7 17. Qxa7 e5 18. Qxb6 Nxb6 19. Ra7 Rcc7 20.
c5 $1 Rxc5 21. Nxe5 {a sequence of forced moves.} Nc8 (21... Rc2 22. Bh3 $1)
22. Nd3 $8 {During the game I did not have the faintest idea as if these moves
were played before.Then when GM Sermek told me like 'Of course you know
Kozul-Dizdar from last (Slovenian) league I have understood that something was
going on.} Rc3 $1 {N Much better than the move chosen by Dizdar.Because rooks'
invasion on the second is not only dangerous but serves white to take on d4
with the N.} (22... Rc2 23. Ra5 Rxe2 24. Nf3 {Kozul(2570)-Dizdar(2570) Skofja
Loka1998.}) 23. Ra4 (23. Raa1 $142 Rxe2 24. Nf3) 23... Rxe2 24. Rxd4 g5 $11 25.
Nb4 Ne7 26. Bf1 Re6 27. Rd3 Rc5 (27... Rc7 $142) 28. Nf3 Ne4 29. Nd4 Rb6 30.
Nbc2 Ng6 (30... Ba6 31. Re3 Bxf1 32. Kxf1 $11) 31. f3 Nd6 32. Re3 Rc8 33. Bh3
Rb8 34. Rd2 (34. Rc3 $1 $14) 34... Ra6 35. Rde2 {Here white has offered draw.}
Ra2 36. Re1 Kg7 37. Bf1 Rc8 38. Nb4 Rb2 39. Nd3 Rd2 40. R1e2 Rd1 41. Re1 Rd2
42. R1e2 Rd1 43. Re1 Rxe1 $6 {After this move only white can be better.It
would have been much sane to take a draw here.} 44. Rxe1 Kf6 45. Kf2 h5 46. Rc1
h4 47. Rxc8 Bxc8 48. Nc5 hxg3+ 49. hxg3 Ne7 50. Bd3 Ke5 51. Ke3 f5 52. f4+ Kf6
$1 $11 53. fxg5+ Kxg5 54. b4 Ne4 55. Bxe4 dxe4 56. Nxe4+ fxe4 57. Kxe4 Bb7+ 58.
Ke5 Nc6+ 1/2-1/2

[Event "EU-ch 8th"]
[Site "Dresden"]
[Date "2007.04.04"]
[Round "2"]
[White "Avrukh, Boris"]
[Black "Neverov, Valeriy"]
[Result "1-0"]
[WhiteElo "2644"]
[BlackElo "2539"]
[Annotator "Avrukh,B"]
[PlyCount "79"]
[EventDate "2007.04.03"]
[EventType "swiss"]
[EventRounds "11"]
[EventCountry "GER"]
[SourceTitle "CBM 118"]
[Source "ChessBase"]
[SourceDate "2007.05.31"]
[SourceVersion "1"]
[SourceVersionDate "2007.05.31"]
[SourceQuality "1"]

1. d4 d5 {A small surprise, I was more expecting Valeri's favourite Grünfeld
defence.} 2. c4 e6 3. Nf3 Nf6 4. g3 Bb4+ 5. Bd2 Be7 6. Bg2 O-O 7. O-O c6 8. Qc2
({Another popular option is} 8. Bf4) 8... Nbd7 9. Rd1 b6 10. Bf4 Bb7 ({Another
line} 10... Ba6 11. Ne5 {occurred in the Tkachiev-Jakovenko semi-final match
in Dresden.}) 11. Nc3 Nh5 ({Black has another option} 11... dxc4 12. Nd2 Nd5
13. Nxc4 Nxf4 14. gxf4 Qc7 15. e3 {with very complex play.}) 12. Bc1 Nhf6 13.
b3 Rc8 14. e4 c5 {Later on I was really surprised to discover, that this
position has been seen only once (!) in tournament practice.} (14... Nxe4 15.
Nxe4 dxe4 16. Qxe4 $14 {Obviously slightly better for White.}) (14... dxe4 15.
Ng5 $1 (15. Nxe4 c5 16. Nxf6+ Bxf6 17. Ng5 Bxg5 18. Bxb7 Rc7 19. dxc5 Bxc1 20.
Raxc1 Rxb7 21. c6 Rc7 {with good chances to survive.}) 15... c5 16. dxc5 {
See my comments to 15.dxc5 dxe4.}) 15. dxc5 $146 (15. exd5 exd5 16. Bb2 (16.
Bf4 {Transposes to a well-known theoretical position with many games.}) 16...
Qc7 $2 (16... Re8 $142) 17. cxd5 Nxd5 18. Nxd5 Bxd5 19. dxc5 Bxf3 20. Bxf3 Bxc5
21. Qf5 {with White's advantage. 1-0 De Boer,S-Tindall,B/Wijk aan Zee 1997/CBM
060 ext (23)}) 15... dxc4 $1 (15... dxe4 16. Ng5 $1 bxc5 17. Ncxe4 Nxe4 18.
Bxe4 Bxe4 19. Qxe4 Bxg5 20. Bxg5 Qc7 (20... Qxg5 21. Rxd7 $16) 21. Bf4 {
Beliavsky-Ibragimov 2005 White was better.}) 16. b4 $1 {The only way to fight
for the advantage.} (16. e5 $143 $6 Bxf3 $1 17. Bxf3 Nxe5 18. Rxd8 Nxf3+ 19.
Kh1 (19. Kg2 $2 Ne1+ $19 {[%cal Ge1c2]}) 19... Rfxd8 $15) (16. bxc4 $6 Bxc5 $15
(16... Rxc5 17. Qe2 $1 $14)) 16... bxc5 ({During the game I saw an interesting
alternative for Black:} 16... a6 {but even here White keeps an edge after:} 17.
Nd2 (17. cxb6 $140 Bxb4 $132) (17. Ne5 $5) 17... bxc5 18. b5 $14) 17. b5 $44
Qc7 {This looks a bit passive.} (17... Qa5 $142 18. a4 (18. Bd2 $140 Qa3 19.
Bc1 $11) 18... Rfd8 19. Bd2 Qc7 20. a5 Bd6 {/\ Ne5, with very complicated play.
}) 18. Bf4 ({I wasn't sure about this position, which could have arisen after} 
18. Nd2 Nb6 (18... Ne5 $6 19. f4 Nd3 20. Nxc4 Nxc1 21. Raxc1 (21. e5 $5) 21...
Rfd8 22. e5 Nd5 23. Ne4 {with advantage.}) 19. a4 a5 20. bxa6 Bxa6) 18... e5 $6
{In my opinion this move is a serious positional inaccuracy.} (18... Qa5 $142
19. a4 Rfd8 20. Bd2 (20. Bf1 $5) 20... Qc7 {-17 ...Qa5}) 19. Be3 Rfd8 (19...
Rcd8 20. Nd2 Nb6 21. a4 {-19...Nb6}) (19... Nb6 20. a4 Rcd8 21. a5 Nc8 22. Nd2
Rd4 $5 (22... Nd6 23. f3 {following by 24.Bf1, with a clear positional
advantage for White.}) 23. b6 axb6 24. Nb5 Qd7 25. Nxd4 exd4 26. Nxc4 {and
White should be better.}) 20. Nd2 Ng4 (20... Nb6 21. a4 a5 22. bxa6 Bxa6 23. a5
Nbd7 24. Bf1 {And now it's very important that Black is not able to tranfer
his N to d4.} Nf8 25. Nxc4 Ne6 $6 26. Nb6 {winning an exchange}) 21. a4 {
Typically human decision, the computer of course prefers} (21. Nxc4 Nb6 22. Nd5
Bxd5 23. exd5 Nxc4 24. Qxc4 Nxe3 25. fxe3 {but I wasn't sure that White has
something serious here.} g6 26. a4 Qa5 $14) 21... Nxe3 22. fxe3 {This is the
position I was aiming for when playing 18.Bf4. Despite weakening my pawn
structure I was pretty happy to have my pawn on e3, where it covers the
important d4-square.} Bg5 23. Re1 a6 $2 $138 {This only helps White to create
a passed pawn on the Q-side.} ({Much better was} 23... Qd6 24. Nxc4 Qe6 25. Nd5
Nf6 26. h4 Bh6 27. Nxf6+ Qxf6 28. Qc3 $14) ({,or} 23... Nf6 24. Nxc4 h5 {
[%cal Gh5h4]} 25. h4 (25. h3 h4 26. g4 Qd7 27. Red1 Qe6 28. Qe2 g6 $13) 25...
Bh6 26. Rad1 (26. a5 Qe7 27. a6 Ba8 28. b6 axb6 29. Nxb6 Rc6 30. Nbd5 Qa7 $14)
26... Qe7 27. Nd5 Qe6 28. Qd3 $14 {, but without any doubts White keeps
pressure in all lines.}) 24. a5 $1 (24. Nxc4 Nb6 {was his idea.}) 24... axb5
25. Nxb5 {[%csl Ga5]} Qb8 ({Unfortunately for Black} 25... Qc6 {doesn't work
in view of} 26. Na7 Qh6 27. Nxc8 Bxe3+ 28. Kh1 Bxc8 (28... Bxd2 $2 29. Ne7+ Kh8
30. Nf5 $18) (28... Rxc8 29. a6 Ba8 30. Nxc4 $16) 29. Rxe3 $1 Qxe3 30. Nxc4 Qh6
31. Rd1 $16) 26. Nxc4 Ba6 (26... Rc6 27. Reb1 $16) 27. Nbd6 Rc6 28. Rab1 Qa8 (
28... Qc7 29. Red1 h5 30. Nb5 Qb8 31. h4 Bh6 32. Qa4 $16) 29. Bh3 {First step
in the wrong direction.} ({The correct move would be} 29. Qa2 $142 $1 Bxc4 30.
Nxc4 g6 31. Red1 $16) 29... Nf6 30. Nxf7 $2 {Actually this was the idea behind
my 29th move, I thought, that it would be impossible for Valeri to defend his
position, having just few seconds on his clock. Of course, I completely
underestimated Black's defensive resources.} (30. Rb6 $142 $5) 30... Kxf7 31.
Nxe5+ Kg8 $1 (31... Kf8 $2 {loses after} 32. Nxc6 Qxc6 33. Rb6 Bd3 (33... Qa8
34. Qxc5+ {[%cal Gc5g5]}) 34. Rxc6 Bxc2 35. Rxc5 Rd1 36. Rc8+ Ke7 37. Rxd1 Bxd1
(37... Bxe3+ 38. Kg2 Bxd1 39. Rc3 $1 $18) 38. a6 Bxe3+ 39. Kf1 Nxe4 40. Bg2 Nf6
41. Rc7+ Kf8 42. a7 Bxa7 43. Rxa7 $18) 32. Nxc6 Qxc6 33. Rb6 Qa8 34. e5 ({
Black holds the balance after} 34. Qxc5 Nxe4 35. Qb4 Bd3 $1 36. Bg2 Qd5 37. Rb8
(37. a6 Qf5 $11) 37... Rxb8 38. Qxb8+ Kf7 39. Qa7+ Be7 40. Qd4 Qxa5 41. Rd1 Nc5
42. Qd5+ Kf8 43. Rxd3 Qe1+ 44. Bf1 Nxd3 45. Qxd3 Bf6 $11) 34... Qf3 $2 $138 {
Black loses in 1 move, instead he could have saved the game after} (34... Nd5
$1 35. Rd6 (35. Bg2 Qc8 $1) 35... Bxe3+ $1 36. Rxe3 Nxe3 37. Qb3+ Bc4 (37...
Nc4 38. Be6+ Kh8 39. Bd5 Qc8 40. Bxc4 $18) 38. Qxe3 Qxa5 39. Qc1 Bb5 40. Be6+
Kh8 41. Qc3 Qc7 $11) (34... Ne4 35. Rxa6 Qxa6 36. Qxe4 Qxa5 37. Rf1 $14) 35.
Bg2 $1 {Now it's over.} (35. Be6+ Kh8 36. Qf2 $18) 35... Bxe3+ 36. Kh1 Qf2 (
36... Qh5 37. exf6 $18) 37. Qxf2 Bxf2 38. Reb1 Bd3 39. Rb8 $1 Rf8 40. exf6 1-0

[Event "Ciocaltea Memorial"]
[Site "Bucharest"]
[Date "1993.??.??"]
[Round "?"]
[White "Marin, Mihail"]
[Black "Gagarin, Vasilij"]
[Result "1-0"]
[WhiteElo "2515"]
[BlackElo "2450"]
[Annotator "Belov,I"]
[PlyCount "121"]
[EventDate "1993.02.??"]
[EventType "tourn"]
[EventRounds "15"]
[EventCountry "ROU"]
[EventCategory "10"]
[SourceTitle "CBM 034"]
[Source "ChessBase"]
[SourceDate "1993.06.01"]
[SourceVersion "1"]
[SourceVersionDate "1993.06.01"]
[SourceQuality "1"]

1. d4 Nf6 2. c4 e6 3. g3 Bb4+ 4. Bd2 Be7 5. Bg2 d5 6. Nf3 O-O 7. O-O c6 8. Bf4
Nbd7 (8... dxc4 9. Ne5 Nd5 10. Nxc4 $14) 9. Qc2 b6 {Marin,M-Kiselev/Bucharest/
1993/} 10. Rd1 (10. Ne5 Bb7 11. cxd5 Nxe5 12. d6 Ng6 13. dxe7 Qxe7 14. Bg5 Rfd8
15. Rd1 h6 16. Bxf6 Qxf6 17. e3 $14 {Ulibin-Ionov/URS-ch/1991/}) (10. Nbd2 Bb7
11. e4 Rc8 12. Rad1 Nh5 (12... c5 {ECO}) 13. Be3 Qc7 14. e5 g6 15. Bg5 Qd8 16.
Bxe7 Qxe7 17. Qa4 $14) 10... Bb7 11. Nc3 Rc8 (11... Nh5 12. Bd2 f5 13. cxd5
exd5 14. Bh3 g6 15. Bh6 Ng7 16. e3 {Bareev,E-Shcherbakov/Naberezhnie Chelni/
1988/} Bd6 {/\ Qe7}) 12. b3 (12. Ne5 $5 b5 $6 13. Nxd7 Nxd7 14. c5 e5 15. dxe5
Nxc5 16. Be3 $1 $16 {Razuvaev,Y-Rajkovic/JUG/1991/}) 12... Nh5 13. Bc1 f5 14.
Bb2 Bd6 15. e3 Qe7 16. Ne2 Nhf6 (16... c5 $5 17. cxd5 Bxd5 (17... cxd4 $5) 18.
dxc5 Nxc5 $13) 17. Nf4 Ne4 (17... c5 18. dxc5 Nxc5 (18... bxc5) 19. cxd5 Nxd5
20. Nxd5 Bxd5 21. Qe2 $14) 18. Nd3 Ndf6 $6 (18... c5 $13) 19. Nfe5 Rfd8 20. f3
Ng5 21. c5 $1 $14 Bb8 22. a4 Nd7 (22... Ba6 23. Nb4 $16) 23. a5 $1 Ba6 (23...
b5 24. a6 Ba8 $16) 24. Nxd7 (24. axb6 Bxd3 25. Qxd3 Nxe5 26. dxe5 axb6 $13)
24... Bxd3 (24... Rxd7 $5) 25. Qxd3 Rxd7 26. cxb6 axb6 27. Qa6 $1 $16 Rb7 28.
axb6 Bd6 29. Rdc1 (29. Bc3 Rcb8 30. Ba5 Bb4 $10) 29... Qd7 30. Bc3 Rcb8 31. Ba5
{/\ 32.Qd3+/-} Bb4 $1 32. Bxb4 Rxb6 33. Qa4 Rxb4 34. Qxc6 Qe7 $1 (34... Qxc6
35. Rxc6 Rxb3 36. h4 Nf7 37. Rxe6 $18) 35. Ra6 Rxb3 36. h4 Nf7 37. Qxe6 Rxe3
38. Rc8+ $1 Rxc8 39. Qxc8+ Qd8 (39... Nd8 40. Ra8) 40. Qxd8+ Nxd8 41. Ra8 Re8
42. f4 $18 Kf7 43. Bxd5+ Ke7 44. Kf2 Kd6 45. Bf3 Ke7 46. Ra5 Kf6 47. Bd5 Ke7
48. Bf3 Kf6 49. Bd5 Ke7 50. Ra6 $1 Kf8 51. Ra8 Ke7 52. Bc4 $1 Kd6 (52... Nc6
53. Rxe8+ Kxe8 54. Bb5) (52... Nb7 53. Ra7 Rb8 54. Bd5) 53. Ra6+ Ke7 54. Ra7+
Kf8 (54... Kf6 55. h5 Rf8 56. Bd5 $18) 55. Rd7 Ne6 56. h5 Nd8 57. h6 gxh6 58.
d5 Kg8 59. d6+ Kh8 (59... Kf8 60. Rxh7) 60. Re7 Rf8 61. Bd5 1-0

[Event "World Women-ch"]
[Site "Lvov"]
[Date "2016.03.05"]
[Round "3"]
[White "Muzychuk, Mariya"]
[Black "Hou, Yifan"]
[Result "1/2-1/2"]
[WhiteElo "2554"]
[BlackElo "2673"]
[Annotator "Besenthal,K"]
[PlyCount "72"]
[EventDate "2016.03.02"]
[EventType "match"]
[EventRounds "10"]
[EventCountry "UKR"]
[SourceTitle "CBM 172"]
[Source "ChessBase"]
[SourceDate "2016.05.12"]
[SourceVersion "1"]
[SourceVersionDate "2016.05.12"]
[SourceQuality "1"]

1. d4 Nf6 2. c4 e6 3. g3 d5 4. Bg2 Bb4+ 5. Bd2 Be7 {Diagramm [#] Eine
Modevariante - es gibt in letzter Zeit kaum ein Turnier der Weltspitze, wo
einem diese Stellung nicht begegnet.} 6. Nf3 O-O 7. O-O Nbd7 ({Muzychuk spielt
die Variante nicht zum ersten Mal:} 7... c6 8. Qc2 b6 9. Bf4 Bb7 10. Rd1 Na6
11. a3 Rc8 12. Nc3 Qe8 13. Ne5 Nd7 14. b3 Nxe5 15. Bxe5 f6 16. Bf4 g5 17. Bc1
f5 18. Qd3 Nb8 19. Bb2 Nd7 20. cxd5 cxd5 21. f3 Qf7 22. Rf1 e5 23. dxe5 Nc5 24.
Qd1 d4 25. Nb5 Qxb3 26. Qxb3+ Nxb3 27. Rad1 Rc2 28. Bxd4 Ba6 29. f4 Nd2 30. Rf2
Bxb5 31. e3 gxf4 32. gxf4 Rfc8 33. Bd5+ Kf8 34. Rfxd2 Rxd2 35. Rxd2 Rc1+ 36.
Kg2 Bh4 37. e4 Bf1+ 38. Kf3 Be1 39. Rb2 Rd1 40. Be3 Bh3 41. Rb3 Bh4 42. Rc3
Bg4+ 43. Kg2 Re1 44. exf5 Re2+ 45. Kf1 Re1+ 46. Kg2 Re2+ 47. Kf1 Re1+ {1/2-1/2
(47) Muzychuk,M (2464)-Khukhashvili,S (2422) Khanty Mansiysk 2010}) 8. Qc2 c6
9. Rd1 b6 10. Bf4 Ba6 {Diagramm [#] Alles schon hundertfach gespielt...} 11.
cxd5 {Muzychuk wählt eine ganz zahme Variante; es entsteht eine Struktur wie
in der Slawischen Abtauschvariante.} cxd5 12. Ne5 Rc8 13. Nc6 {Die Partien,
die sich zu dieser Stellung in der Datenbank finden, weisen eine extrem hohe
Remisquote aus.} Bb5 14. Nxe7+ Qxe7 15. Nc3 Nh5 16. Be3 Nhf6 17. a4 {Diagramm 
[#] Immerhin ein Versuch aktiv zu werden. Es gibt aber kaum
Hebelmöglichkeiten in der Stellung; etwas wie f2-f3 nebst e2-e4 verspricht
auch nicht viel: Schwarz könnte das weiße Bauernzentrum wirksam blockieren
und eine wirkliche Aktivierung des weißen Läuferpaars käme nicht zustande.}
({In einer Partie aus dem Jahr 2014 lässt sich besichtigen, wie der weitere
Verlauf auch hätte aussehen können:} 17. Qd2 Ba6 18. Bf4 Nh5 19. Bg5 Nhf6 20.
Bf4 Nh5 21. Bg5 Nhf6 {1/2-1/2 (21) Wen,Y (2581)-Yu,Y (2667) China 2014}) 17...
Bc4 18. a5 bxa5 {Geradlinig gespielt: Dass sich der weiße Bauer auf a6
einnisten könnte, lässt Hou Yifan nicht zu.} 19. Rxa5 Qb4 {Aktive
Verteidigung! Es gibt keinen Grund für die Annahme, dass der Ba7 schwächer
sein könnte als jener auf b2. Nach dem Verschwinden dieser beiden Bauern
gingen den weißen Läufern dann auch die potentiellen Angriffsziele aus.} 20.
Rda1 Rb8 21. Rxa7 Qxb2 22. Qxb2 Rxb2 23. Bf3 h6 24. h4 Rc8 25. Bf4 Rc2 26. R7a3
h5 27. Kg2 Kh7 28. Rc1 Rxc1 29. Bxc1 {Diagramm [#] Beide Spielerinnen machen
unverdrossen ihre Arbeit und versuchen ihre Figuren besser zu stellen, doch es
mündet alles in Abtauschoperationen ein.} e5 {Schwarz fasst sich ein Herz und
setzt den letzten noch verbliebenen Hebel an.} 30. dxe5 Nxe5 31. Be3 Nxf3 32.
Kxf3 Ne4 33. Nxe4 dxe4+ 34. Kxe4 Bxe2 35. Ra5 f6 36. Rc5 Rxc5 {Jetzt macht
eine Fortsetzung der Partie wirklich keinen Sinn mehr.} 1/2-1/2

[Event "Washington op 5th"]
[Site "Rockville"]
[Date "2016.08.17"]
[Round "9"]
[White "Moradiabadi, Elshan"]
[Black "Boros, Denes"]
[Result "1-0"]
[WhiteElo "2595"]
[BlackElo "2441"]
[Annotator "Besenthal,K"]
[PlyCount "95"]
[EventDate "2016.08.13"]
[EventType "swiss"]
[EventRounds "9"]
[EventCountry "USA"]
[SourceTitle "CBM 173 Extra"]
[Source "ChessBase"]
[SourceDate "2016.08.29"]
[SourceVersion "1"]
[SourceVersionDate "2016.08.29"]
[SourceQuality "1"]

1. d4 Nf6 2. Nf3 e6 3. c4 d5 4. g3 Bb4+ 5. Bd2 Be7 6. Bg2 c6 7. O-O O-O 8. Qc2
Nbd7 9. Bf4 Ne4 10. Nc3 g5 11. Bc1 f5 12. Rb1 Bf6 13. e3 b6 14. b4 g4 15. Nxe4
dxe4 16. Nd2 Bb7 17. Nxe4 fxe4 18. Qxe4 Qe7 19. b5 Rac8 20. Ba3 Qxa3 21. Qxe6+
Kh8 22. bxc6 Bxc6 23. Bxc6 Nb8 24. Bd5 {Diagramm [#] Die Computer bewerten
diese Stellung noch mit "0.9", also noch nicht gerade aufgabereif für Schwarz.
Aber wie agiert man eigentlich im Kampf gegen die weiße Bauernmasse? Eine
extrem schwierige Aufgabe, die hier auch ein Großmeister nicht lösen kann.}
Na6 25. Qxg4 Qe7 26. a3 Rcd8 27. Qe4 Qg7 28. Qc2 Qd7 29. Be4 Qe7 30. Bg2 Rc8
31. Qa4 Nb8 32. Rbc1 Rc7 33. Rc2 Nd7 34. Rd1 Rd8 35. Rcc1 Nf8 36. Qb3 {
Diagramm [#] Beide Seiten lavieren...} h5 {Diese weitere Entblößung des
schwarzen Königs kann kaum gut sein.} 37. a4 Ne6 38. a5 Qd6 ({Vielleicht} 
38... Rd6) 39. axb6 axb6 {Diagramm [#]} 40. Rb1 {Dieser Zug war leicht zu
finden.} Qe7 {Der Bauer war auf seinem Platz nicht zu halten.} 41. Qxb6 Rxc4
42. Qb5 Rc7 43. Qxh5+ Kg7 {Diagramm [#] Eine faszinierende Stellung, wie man
sie nur selten zu sehen bekommt. Natürlich steht Schwarz jetzt komplett auf
verlorenem Posten.} 44. Rb5 Ng5 45. h4 Nf7 46. Rb6 Rd6 47. Rxd6 Nxd6 48. e4 1-0

[Event "Bundesliga 1516"]
[Site "Germany"]
[Date "2016.02.20"]
[Round "8.7"]
[White "Ernst, Sipke"]
[Black "Bluebaum, Matthias"]
[Result "0-1"]
[WhiteElo "2540"]
[BlackElo "2580"]
[Annotator "Besenthal,K"]
[PlyCount "62"]
[EventDate "2015.09.18"]
[EventType "team-tourn"]
[EventRounds "15"]
[EventCountry "GER"]
[SourceTitle "CBM 171"]
[Source "ChessBase"]
[SourceDate "2016.03.14"]
[SourceVersion "2"]
[SourceVersionDate "2016.03.14"]
[SourceQuality "1"]
[WhiteTeam "Hamburger SK"]
[BlackTeam "Werder Bremen"]
[WhiteTeamCountry "GER"]
[BlackTeamCountry "GER"]

1. c4 e6 2. Nf3 d5 3. d4 Nf6 4. g3 Bb4+ 5. Bd2 Be7 6. Bg2 O-O 7. O-O c6 8. Qc2
Nbd7 9. Rd1 b6 10. Bf4 Bb7 11. Ne5 Nh5 12. Bc1 Nhf6 13. Bf4 Nh5 14. Bc1 Nhf6
15. Nc3 $2 {Diagramm [#] Dieser Versuch, das Remis zu vermeiden, erweist sich
als nachteilig, was eigentlich auch nicht schwer zu berechnen war.} Nxe5 16.
dxe5 Ng4 17. Bf4 $6 (17. e4 $1 d4 18. Ne2 c5 19. f4 $15 {war für Weiß
spielbar.}) 17... g5 18. Bf3 $6 {Besser wäre es wohl gewesen, sich
unmittelbar von dem Be5 zu trennen.} Nxf2 19. Kxf2 gxf4 20. gxf4 Bc5+ 21. Kg2
Qh4 {Diagramm [#] Weiß steht jetzt offensichtlich schlecht: Auf den dunklen
Feldern dominiert Schwarz und die weißen Bauern im Zentrum sind schwach.} 22.
cxd5 cxd5 23. e4 d4 24. Na4 Qxf4 25. Nxc5 bxc5 26. b4 {Diagramm [#]} Kh8 $1 {
Stark gespielt! Die Drohung Tg8+ nötigt Weiß zu Zugeständnissen.} 27. Qe2 f5
$1 28. exf6 Rxf6 29. Rf1 c4 30. Kh1 Qe5 31. Bg2 Rh6 {Diagramm [#] An dieser
Stelle zog Weiß es vor, die Waffen zu strecken. Seine Lage ist aussichtslos.}
0-1